Died before 2000 - sudden death - Statistics

General Stats
  • This quiz has been taken 56 times
  • The average score is 4 of 16
Answers on the Grid
Answers color-coded by a green-red scale on the quiz's grid according to % correct below.
Yasser Arafat
Helmut Kentler
JFK Jr
Kurt Cobain
Jackson C Frank
Mohamed Atta
Jeffrey Dahmer
Ed Kemper
Robert Pickton
Ariel Sharon
Tupac Shakur
Erich Honecker
Ed Gein
George Harrison
Josip Broz Tito
Marlon Brando
Ronald Reagan
Richard Nixon
Lou Reed
Wernher Von Braun
Yuri Gagarin
Neil Armstrong
John Coltrane
Louis Armstrong
Ryan White
Andy Warhol
John Phillips
Carl Sagan
Michelle Phillips
Jane Birkin
 
Answer Stats
Answer % Correct
Kurt Cobain
68%
JFK Jr
58%
Louis Armstrong
55%
Jeffrey Dahmer
52%
Tupac Shakur
42%
Richard Nixon
29%
Yuri Gagarin
29%
Andy Warhol
23%
Ed Gein
16%
Jackson C Frank
10%
John Coltrane
10%
Ryan White
10%
Wernher Von Braun
10%
Carl Sagan
6%
Erich Honecker
6%
Josip Broz Tito
6%
No matching quizzes found
Score Distribution
Percent of People with Each Score
Percentile by Number Answered
Your Score History
You have not taken this quiz